[Event "79th Tata Steel Chess 2017-Masters"]
[Site "Haarlem"]
[Date "2017.01.25"]
[Round "10"]
[White "So, Wesley"]
[Black "Wojtaszek, Radoslaw"]
[Result "1-0"]
[WhiteElo "2808"]
[BlackElo "2750"]
[Annotator "Ramirez Alvarez,Alejandro"]
[PlyCount "67"]
[EventDate "2017.??.??"]

1. c4 Nf6 2. Nf3 e6 3. g3 d5 4. d4 Be7 5. Bg2 O-O 6. Qc2 c5 7. O-O Nc6 8. dxc5
d4 9. a3 a5 10. Rd1 e5 11. Nc3 Bxc5 12. Nd5 h6 13. Bd2 {My database shows this
move as a novelty, but it seems the players were prepared well beyond this.} a4
14. Bb4 Nxb4 15. axb4 Nxd5 16. bxc5 Nb4 17. Qd2 Nc6 18. b4 {a sequence of
relatively forced moves following Bb4 has led us to this position. It seems
that Wesley, according to the post-mortem interview, considers 18...Be6 as
equalizing, but the move played in the game gives White chances.} Qe7 (18...
Be6 19. b5 Na5 20. Nxe5 $5 Nb3 21. Qf4 Nxc5 $1 22. Rxd4 Qa5 {leaves Black down
a pawn, but between the powerful a-pawn and the nice knight on c5, it should
be sufficient compensation.}) (18... Qc7 {is Stockfish 8's suggestion after a
long think, as you can check yourself on the livebook.}) 19. Qb2 $1 {Black's
main issue will be the powerful passed pawns on the queenside. He would like
to simply block them, but that isn't easy to do, and pushing his own pawns in
the center is also very difficult as they are rather weak.} Bg4 20. Re1 $1 {
A beautiful, machine-like move. The mysterious rook move discourages Black
from taking the knight as White would recapture with the e-pawn, putting
pressure on the center.} Rfd8 $6 (20... f5 21. Nh4 $1 (21. Nd2 e4 $13) 21...
Kh7 $14 {keeps the game going, but White is to be slightly preferred.}) 21. Nd2
{With the activation of the light squared bishop, things go south for
Wojtaszek really quickly.} Be6 22. b5 Nb8 23. Qb4 $1 f5 24. Nb3 {Using the pin
to activate the knight, which was the last remaining problem in White's
position.} Nd7 25. Bxb7 {Simple tactics give Wesley a winning advantage, the
rest requires no commentary.} Rab8 26. Rxa4 Rxb7 27. c6 Qxb4 28. Rxb4 Rc7 29.
cxd7 Rxc4 30. Rxc4 Bxc4 31. Rc1 Be6 32. Rc8 Rxc8 33. dxc8=Q+ Bxc8 34. b6 1-0

[Event "79th Tata Steel GpA"]
[Site "Wijk aan Zee NED"]
[Date "2017.01.25"]
[Round "10.3"]
[White "Aronian, Levon"]
[Black "Rapport, Richard"]
[Result "1-0"]
[WhiteElo "2780"]
[BlackElo "2702"]
[Annotator "Alex Yermolinsky"]
[PlyCount "55"]
[EventDate "2017.??.??"]

1. d4 Nf6 2. c4 e6 3. Nf3 b6 {Aside of the first round game against Eljanov
Rapport has been very solid with his opening choices for Black in this
tournament.} 4. g3 Bb7 5. Bg2 Be7 ({In the previous game Richard went for} 5...
Bb4+ {and held Anish Giri to a draw!}) 6. O-O O-O 7. Nc3 Ne4 8. Bd2 Bf6 9. Be1
$5 {A very interesting choice. Aronian decides to avoid closed formations
characteristic for this line, and, instead, invites a more typical QID play
even gifting Black a tempo in some lines.} ({Obviously Levon studied
So-Rapport from Round 3, the game that could have been Richard's great victory
if it wasn't for a few errors toward the end. It went} 9. Rc1 Nxd2 10. Qxd2 d6
11. d5 e5 {In the resulting closed position Wesley claimed his spatial
advantage, but, remarkably, Rapport didn't seem to mind his "bad" DSB. In fact
he used it to invade the c1-square not once but twice!}) 9... Re8 $6 {The
purpose of this move remains unclear to me.} ({Since White doesn't have his
rook to support c3 the most logical reply appears to be} 9... c5 {Indeed, it
was played in Sokolov-Salov, 1996 and even earlier in Timoschenko-Naumkin,
1988. Neither game showed White getting anything out of the opening. I wonder
if Levon in that case planned to take a strategic risk and continue} 10. d5 $5
Bxc3 11. Bxc3 exd5 12. cxd5) ({Another type of play may arise after} 9... d5
10. Qc2 c5 {which is similar to the game continuation, but offers Black a
tempo for counterplay.}) 10. Qc2 d5 $2 {Black practically begs White to play
the most natural moves and take over the game.} (10... Nxc3 11. Bxc3 d6 12. e4
e5 13. d5 {Is Rapport's favorite formation, so why didn't he go for it?}) 11.
Nxe4 $1 dxe4 12. Nd2 Bxd4 ({Understandably Rapport didn't trust} 12... Qxd4 {
because after} 13. Nxe4 {he'd have to play the unsightly move} Bc6 {Indeed,
White gets big play with simple means:} 14. Bc3 ({Also possible is} 14. Rb1 a5
15. b3 {preparing Bc3.}) 14... Qxc4 15. Nxf6+ gxf6 16. b3 Qc5 17. e4 Nd7 18.
Rfc1) 13. Rd1 Qc8 ({Let's see if Black could keep his queen a little closer to
the K-side.} 13... Qe7 14. Nxe4 Nc6 15. e3 Bf6 (15... Be5 16. f4 Bd6 {is very
awkward for Black, and White would go on with} 17. Ng5) 16. Nxf6+ Qxf6 17. Bc3
Qg6 18. Qa4 Na5 {This means giving up a pawn for no compensation at all, just
some practical chances to escape to a draw in some rook endgame. Computers
don't like this strategy, but best human players relied on it for for decades
and it worked in some percentage of cases. Today it's called "suffering", but
the only alternative to it is to lose the game quickly, which is pretty much
what happened in this game. From a certain philisophical point cutting one's
losses and hitting the restart button tomorrow is the right approach, but
there are others who take the path of maximum resistance however hopeless it
seems.}) 14. Nxe4 Bc5 15. Ng5 $5 {Every good player welcomes a chance to
attack the king rather than deal with a routine technical task. OK, maybe
Magnus is an exception, but he's rumored to be from another planet anyway.} ({
It is remarkable how Aronian rejects a safe advantage promised by} 15. Nxc5
bxc5 16. Be4 h6 17. f3 {etc.}) 15... f5 16. Bxb7 Qxb7 17. Bc3 Bf8 (17... h6 18.
Nxe6 Rxe6 19. Rd8+ Bf8 20. Qxf5 {is not so difficult to see.}) 18. e4 $1 h6 19.
exf5 $1 {This one is quite a bit harder, as White wopuild need to bring up to
speed the rest of his pieces. Levon correctly judged he'd have the time for it.
} hxg5 (19... exf5 20. Rfe1 $1 {Every move just brings another white piece
into action, and Black is always on his back foot.} Rxe1+ (20... Na6 21. Ne6 {
requires no calculation.}) 21. Rxe1 hxg5 22. Qxf5 c6 (22... c5 23. Re8 Qf7 24.
Qe4 {is easier.}) 23. Re8 Qf7 24. Qc8 {The back rank pin will keep Black
paralyzed until White is ready with the mop-up plan of Bd2xg5-e7 etc.}) 20. f6
c5 ({In this case as well as in the previous note} 20... c6 {appears slightly
more resilient. Still,} 21. f4 g4 22. fxg7 Bc5+ (22... Bxg7 23. Qg6 Qf7 24.
Qxg4) 23. Kh1 Bb4 24. f5 {should bring the point home.}) 21. f4 $1 g4 22. f5 {
Blowing it wide open. The game is truly over.} gxf6 23. fxe6 Qh7 24. Qg2 Na6
25. Rd7 Qh5 26. Rxf6 Rad8 27. Rxf8+ Kxf8 28. Qf1+ {One of those game the young
player has to lose once and only once and never again!} 1-0

[Event "79th Tata Steel Chess 2017-Masters"]
[Site "Haarlem"]
[Date "2017.01.25"]
[Round "10"]
[White "Harikrishna, Pentala"]
[Black "Carlsen, Magnus"]
[Result "1/2-1/2"]
[WhiteElo "2766"]
[BlackElo "2840"]
[Annotator "Tactical Analysis 1.02 (1s)"]
[PlyCount "73"]
[EventDate "2017.??.??"]
[EventType "tourn"]
[EventCountry "NED"]
[SourceTitle "playchess.com"]
[Source "ChessBase"]

1. e4 e5 2. Nf3 Nc6 3. Nc3 Nf6 4. Bb5 Bd6 5. d3 O-O 6. O-O h6 7. a3 Re8 8. h3 {
LiveBook: 11 Games} Bc5 9. Be3 Nd4 10. Bc4 c6 11. Re1 Nxf3+ 12. Qxf3 Bxe3 13.
fxe3 b5 14. Ba2 a5 15. Ne2 d6 16. Ng3 Be6 17. Rf1 d5 18. Rf2 Ra7 19. exd5 cxd5
20. Nf5 Kh7 21. Qg3 Bxf5 22. Rxf5 Rc7 23. c3 b4 24. cxb4 axb4 25. a4 {[%eval
-49,12]} ({Better is} 25. axb4 $11 {[%eval 12,13]} Rb7 26. Rxe5) 25... b3 26.
Bxb3 Qb8 27. Ra3 e4 {[#] White must now prevent ...Rc1+.} 28. Kh2 {The
position is equal.} exd3 {Hoping for ...d2.} 29. Bxd5 d2 30. Rd3 Rc2 {And now .
..Qxg3+ would win.} 31. Qxb8 ({Not} 31. Bxf7 $2 Qxg3+ 32. Kxg3 Rxe3+ $3 33. Rf3
Ne4+ 34. Kf4 Rxd3 35. Rxd3 Nf2 $19) 31... Rxb8 32. b3 ({Reject} 32. Bxf7 Rbxb2
33. Rf4 d1=Q $1 34. Rxd1 Rxg2+ 35. Kh1 Rh2+ 36. Kg1 Rxh3 $17) 32... Nxd5 33.
Rfxd5 d1=Q 34. Rxd1 {R1d3 is the strong threat.} Rxb3 35. R5d2 Rxd2 36. Rxd2
Ra3 37. Kg1 1/2-1/2

[Event "79th Tata Steel Chess 2017-Masters"]
[Site "Haarlem"]
[Date "2017.01.25"]
[Round "10"]
[White "Adhiban, Baskaran"]
[Black "Nepomniachtchi, Ian"]
[Result "1/2-1/2"]
[WhiteElo "2653"]
[BlackElo "2767"]
[Annotator "Tactical Analysis 1.02 (1s)"]
[PlyCount "89"]
[EventDate "2017.??.??"]
[EventType "tourn"]
[EventCountry "NED"]
[SourceTitle "playchess.com"]
[Source "ChessBase"]

1. e4 c5 2. Nf3 d6 3. d4 cxd4 4. Nxd4 Nf6 5. Nc3 a6 6. Bg5 e6 7. f4 h6 8. Bh4
Qb6 9. a3 Nbd7 10. Bc4 {LiveBook: 3 Games} e5 11. fxe5 dxe5 12. Nf5 {White is
slightly better.} g6 $1 (12... Qxb2 $2 13. Na4 Qxa1 14. Qxa1 $18) 13. Nd5 Nxd5
14. Qxd5 Rh7 15. O-O-O gxf5 16. exf5 Be7 17. Bxe7 Kxe7 18. Rhf1 Qf6 19. Bb3 Rh8
{[%eval 6,11]} ({Better is} 19... Kf8 $15 {[%eval -67,12]}) 20. Rf3 Re8 {
[%eval 11,13]} ({Black should try} 20... Kf8 $15 {[%eval -54,12]}) 21. Ba4 $11
Rd8 $1 22. Rg3 {[%eval -99,13]} (22. Rc3 $11 {[%eval 11,13] remains equal.})
22... b5 $2 {[%eval 97,12]} (22... Ra7 $17 {[%eval -99,13] and life is bright.}
) 23. Qxa8 $16 bxa4 24. Rc3 Nb6 (24... Qg5+ $5 25. Kb1 $8 Nb6 26. Qa7+ Ke8 $16)
25. Qa7+ Rd7 {[%eval 116,15]} (25... Kf8 $14 {[%eval 44,14]} 26. Rxd8+ Qxd8)
26. Rc7 Kd8 27. Rdxd7+ Nxd7 28. Rc3 Qd6 ({Not} 28... Qxf5 $2 29. Qc7+ Ke7 30.
Rd3 $18 (30. Qxc8 Qf1+ 31. Kd2 Qf2+ 32. Kd1 Qg1+ 33. Ke2 Qxg2+ 34. Kd1 Qg4+ 35.
Ke1 Qe4+ 36. Kd2 Qg2+ 37. Kd1 Qf1+ 38. Kd2 Qf4+ 39. Ke2 Qxh2+ 40. Kf1 Qf4+ 41.
Ke2 Qh2+ 42. Kf1 e4 $11)) 29. Qa8 {White has strong compensation.} Nc5 $1 30.
Qa7 Nd7 $1 31. Rg3 {[%eval 45,15]} (31. Rd3 $16 {[%eval 109,13]} Qc7 32. Qe3)
31... Ke7 {[%eval 120,14]} (31... Qb6 $14 {[%eval 45,15]} 32. Qxb6+ Nxb6) 32.
Rd3 Qc6 33. Rc3 $1 Qxg2 34. Rxc8 {Endgame KQR-KQN} Qh1+ 35. Kd2 {[#] Strongly
threatening f6+!} Qxh2+ 36. Kc3 {Hoping for f6+!} Qh3+ 37. Kb4 {aiming for Rc7.
} Qxf5 38. Qc7 {And now Qd8+ would win.} e4 39. Qd8+ Kd6 40. Qc7+ Ke7 41. c4
$36 {[#] Threatens to win with Qd8+. White has good play.} e3 42. Qd8+ Kd6 43.
Qc7+ Ke7 44. Qd8+ Kd6 45. Qc7+ {[%eval 0,32]} ({Much weaker is} 45. Kxa4 $6 e2
46. Qc7+ Ke7 47. Qd8+ Kd6 $11) (45. Kc3 $16 {[%eval 107,11]}) 1/2-1/2

[Event "TSCT2017 masters"]
[Site "?"]
[Date "2017.01.25"]
[Round "10.3"]
[White "Aronian, Levon"]
[Black "Rapport, Richard"]
[Result "1-0"]
[WhiteElo "2780"]
[BlackElo "2702"]
[Annotator "Aditya Mittal"]
[PlyCount "55"]
[EventDate "2017.??.??"]
[WhiteClock "1:11:42"]
[BlackClock "0:16:46"]

1. d4 {Aronian has already showed lot of opening preparation in this
tournament. He got ready to spring another!} Nf6 2. c4 e6 3. Nf3 b6 {The
Queen's Indian! How often do we see Richard playing such classical setups?} 4.
g3 Bb7 5. Bg2 Be7 (5... Bb4+ {is a popular check.} 6. Bd2 Be7 {And Black
strikes dis co-ordination in White's camp.}) 6. O-O O-O 7. Nc3 Ne4 {A natural
move played in seconds.} 8. Bd2 Bf6 {Again blitzed out. Most probably both had
it all prepared, but Aronian now plays an interesting move.} (8... d5 {felt
better to me, solidifying the status in the centre.}) 9. Be1 {What has the
bishop got from the e1 square rather than the c1 square. Well, actually, it
has got worse. But it was a brilliant idea by Aronian.You will see.} (9. Ne5 {
I have a feeling Richard might have prepared against this.}) 9... Re8 $6 {
A slight suprise but Levon countinues with his original plan. But what exactly
is this Re8? Its very hard to understand.} (9... Na6 $1 {looks strong.}) 10.
Qc2 d5 $2 {Rapport chooses the wrong time to play d5. The way Levon plays now
is very correct. This was actually almost the only mistake by Rapport. Yet
Aronian with his superb skills won.} (10... Nxc3 11. Bxc3 d5 $13 (11... d6 12.
e4 e5 13. d5 {would have led to a similar structure to Wesley-Rapport})) 11.
Nxe4 $1 dxe4 12. Nd2 Bxd4 13. Rd1 $5 {This was the point of Bd2-Be1. The other
option was to eat the e4 pawn.} (13. Nxe4 Qc8 14. Rd1 {transposes.}) 13... Qc8
{Getting away from the pin.} 14. Nxe4 Bc5 {Another crunch situation. White has
two options. 1. Nxc5. This disrupts Black's pawn structure and gives White a
milking edge. 2. Ng5. The more tactical solution, and whether it is sound or
unsound, it is unclear. Levon is now out of his preparation I guess. When did
it stop is what I am trying to figure out.} 15. Ng5 $1 {Aronian chooses the
correct approach. These top players are so good only because they master both
in positional and tactical chess.} (15. Nxc5 {The mad computers were shouting
for this, but I am sure Levon would have went for this if Ng5 wasn't working.
But it was!} bxc5 16. Be4 h6 17. f3 $16 {Aronian wasn't satisfied with this.})
15... f5 (15... g6 {opens the long diagonal.} 16. Bc3 $1 $16) 16. Bxb7 Qxb7 17.
Bc3 {The bishop is extremely strong now!!!} Bf8 {Protecting g7.} (17... Qc6 $6
{was mentioned by Aronian but it is not good:} 18. b4 $1 Bf8 (18... Bd6 19. e4
{It's hard for humans to defend this, but the computer also says that after} h6
20. exf5 hxg5 21. f6 $18 {it should be winning.}) 19. g4 $16 (19. e4 $5 {
is very interesting with another sack:} h6 $1 20. exf5 hxg5 21. f6 e5 $1 22.
Qg6 Re6 (22... Qe6 23. f4 $1 {is the big move which blastes Black's position .}
gxf4 24. gxf4 e4 25. Rf2 $1 $13 {Whether or not White will win is different
but he definitely has the initiative.}) 23. f7+ Kh8 24. Qf5 Rf6 25. Qh3+ Rh6
26. Qc8 Na6 27. Qxa6 $14 {is a big computer line.}) 19... h6 20. Nf3) 18. e4 $1
{Now Levon plays a very strong game. Resurgence!!} (18. g4 $5 {was another
erratic way to blast open the position.}) 18... h6 {Very natural, and it seems
White's attack has stopped. Yes? No!} 19. exf5 $3 {What a piece of calculation
by Aronian. What a masterpiece by him.} hxg5 (19... exf5 {is better but it is
hard to think Aronian won't win after} 20. Rfe1 $3 {which was suggested by
Aronian.} (20. Nh3 $16) 20... Rxe1+ 21. Rxe1 hxg5 22. Qxf5 $18 {And White has
a winning attack.}) 20. f6 $1 {A string of strong pawn moves have got Aronian
a crushing position to deliver.} c5 $2 (20... c6 {was the only move to keep
the game going.} 21. f4 g4 22. fxg7 (22. f5 gxf6 23. fxe6 Qh7) 22... Bc5+ 23.
Kg2 $16 {is close to winning though.}) 21. f4 $1 g4 22. f5 $1 {Aronian is only
playing with pawns, and its enough!} gxf6 {Black had to take out one of the
terrors.} 23. fxe6 Qh7 (23... Rxe6 24. Qg6+ Qg7 25. Qf5 $18 {White's attack is
crashing through.} Kf7 26. Rfe1 $1) 24. Qg2 $1 $18 {Hitting the rook on a8.
Its all over.} Na6 25. Rd7 Qh5 26. Rxf6 Rad8 27. Rxf8+ $1 Kxf8 28. Qf1+ {
What a masterpiece! Simply amazing.} 1-0

[Event "79th Tata Steel Chess 2017-Masters"]
[Site "Wijk aan Zee"]
[Date "2017.01.27"]
[Round "11"]
[White "Carlsen, Magnus"]
[Black "Adhiban, Baskaran"]
[Result "1/2-1/2"]
[WhiteElo "2840"]
[BlackElo "2653"]
[Annotator "Sagar Shah"]
[PlyCount "98"]
[EventDate "2017.??.??"]
[EventType "tourn"]
[EventCountry "NED"]
[SourceTitle "playchess.com"]
[Source "ChessBase"]
[TimeControl "40/6000+30:20/3000+30:900+30"]

1. e4 {[%emt 0:00:55]} d5 $5 {5 The Scandinavian against the World Champion
from Scandinavia! Is that something Adhiban had planned before the game?!} 2.
exd5 {[%emt 0:00:05]} Nf6 {[%emt 0:00:04]} 3. Nf3 {107 Magnus goes for the
most solid approach.} (3. c4 {Clinging on to the pawn brings nothing good.} e6
$1 4. dxe6 Bxe6 {with excellent compensation.}) 3... Nxd5 {[%emt 0:00:11]} 4.
d4 {120} Bg4 {[%emt 0:00:06]} 5. h3 {95} Bh5 {98} 6. Be2 {[%emt 0:00:56]} Nc6 {
[%emt 0:00:10]} 7. O-O {229 Magnus has played it simple and should have a
small edge because he will be looking to play c4 and get greater control of
the center.} e6 {[%emt 0:00:09]} 8. c3 {473 Carlsen prefers the solid approach.
} (8. c4 Nb6 9. b3 $5 $14) 8... Be7 {459} 9. Ne5 {91} Nxe5 $5 {868} (9... Bxe2
10. Qxe2 Nxe5 11. dxe5 O-O 12. Rd1 Qc8 13. c4 $14 {is nothing substantial, but
definitely a small edge for White.}) 10. Bxh5 {[%emt 0:00:08]} Ng6 {2 I
already prefer White. He has the bishop pair, a strong center and a superior
position.} 11. Qb3 {598} Rb8 {509} (11... O-O 12. Qxb7 Rb8 13. Qxa7 Bg5 $36 {
Black already has the initiative.}) 12. c4 {549} Nf6 {140} 13. Bxg6 $6 {
46 A little bit too greedy.} (13. Bf3 $1 Qxd4 14. Be3 $16) 13... hxg6 {[%emt 0:
00:04]} 14. Qa4+ {[%emt 0:00:05]} c6 {1076} 15. Qxa7 {10 Magnus wins a side
pawn. If he wriggle out from the queenside he should be fine. But
unfortunately Adhiban drums up counterplay.} Bd6 {[%emt 0:00:20]} 16. Nc3 {149}
(16. Qa4 b5 17. cxb5 cxb5 18. Qb3 Bc7 19. Nd2 Qxd4 20. Nf3 Qd7 $11) 16... Bc7 {
34 The queen is coming to d6 and also Bb6 is threatened.} 17. Rd1 {289} Qd6 {
400} 18. g3 {[%emt 0:00:40]} Qd7 $1 {191 This was the move that Adhiban was
proud of. He gets away from Bf4 ideas and after Rxh3 is threatened. But the
most deadly idea is ... e5! and Qxh3.} (18... Rxh3 {is not the best idea as
after} 19. Bf4 Qe7 20. Bxc7 Qxc7 21. d5 $1 $14 {It's White who has the
initiative.} Rxg3+ 22. fxg3 Qxg3+ 23. Kf1 Qf3+ 24. Qf2 $18) 19. h4 {[%emt 0:00:
40]} O-O $1 {154 Good flexible thinking. Once the pawn has been lured to h4
and the light squares weakened, Black rook has nothing much to do on h8 and it
makes sesnse to quickly castle and resume play in the centre.} 20. Qc5 {217} b5
$1 {303 This gets the d5 square for the knight.} 21. cxb5 {662} cxb5 {[%emt 0:
00:04]} 22. a3 {62} Rfc8 {216} 23. Qg5 {[%emt 0:00:27]} b4 {[%emt 0:00:28]} 24.
axb4 {121} Rxb4 {1 Black pieces are excellently placed and very active.} 25.
Qd2 {757} (25. Ra7 Rxd4 $11) 25... Bb6 {163} 26. Ne2 {20 Clumsy play by Magnus.
In order to keep his pawn advantage he has lost the co-ordination of his
pieces.} Rbc4 $1 {[%emt 0:00:25]} 27. Qd3 {101} e5 $6 {403 A dubious decision
by Adhiban, but one that worked very well in the game.} (27... Qd5 $15 {
Keeping the position was already a very pleasant situation for Black.}) 28. Bg5
{[%emt 0:00:39]} (28. dxe5 $1 Qxd3 29. Rxd3 Ng4 30. Rc3 $1 {This is a nice
move.} Bxf2+ 31. Kg2 Rxc3 32. bxc3 Bc5 33. Bf4 $14 {Although the position
should end in a draw, White is a pawn up for now and can push a bit.}) 28...
Ng4 $1 {211 Now Black once again has pressure.} 29. Rac1 {282} Rxc1 {[%emt 0:
00:39]} 30. Rxc1 {[%emt 0:00:03]} Re8 $1 {159 Keeping the rook, the pressure
is building up on Carlsen's position. All of Black's pieces are wonderfully
placed.} 31. Rd1 {586} exd4 {263} 32. Bf4 {[%emt 0:00:02]} (32. Nxd4 Bxd4 33.
Qxd4 Re1+ $19) 32... Nf6 {[%emt 0:00:47]} 33. Nc1 {84} Nd5 {484} 34. Bd2 {
115 [#] This is the critical position of the game, and the one where Adhiban
missed a forced win.} Qc6 $2 {[%emt 0:00:12]} (34... Qg4 $3 {This was the
killer stroke.} 35. Re1 (35. Rf1 Ne3 $19) 35... Re3 $3 {Reminds us of the
great Reti vs Alekhine.} 36. fxe3 (36. Qf1 Rf3 $19 {is very strong.}) 36...
Qxg3+ 37. Kf1 {Adhiban said that he saw until here in his calculations, but
then left it. Well, what can we say. He only had to look two moves deeper.}
Qf3+ 38. Kg1 dxe3 $19 {And it's all over. Black is a rook down, but has a
completely crushing attack.}) 35. Ne2 {69} Qf6 {326} 36. Rc1 {60} Qf5 {69 This
is akin to a draw offer.} 37. Qxf5 {305} gxf5 {[%emt 0:00:02]} 38. Kf1 {
[%emt 0:00:08]} d3 {[%emt 0:00:20]} 39. Nc3 {[%emt 0:00:17]} Nxc3 {208} 40.
Rxc3 {[%emt 0:00:00]} Bd4 {60} 41. Rb3 {60} g6 {220} 42. f3 {72} Be5 {403} 43.
g4 {63} fxg4 {87} 44. fxg4 {[%emt 0:00:02]} Bf6 {[%emt 0:00:48]} 45. h5 {
[%emt 0:00:28]} gxh5 {89} 46. gxh5 {[%emt 0:00:01]} Re5 {157} 47. h6 {[%emt 0:
00:46]} Kh7 {[%emt 0:00:25]} 48. Rxd3 {68} Rf5+ {[%emt 0:00:04]} 49. Ke2 {
[%emt 0:00:05]} Bxb2 {4 A great result for Adhiban, but he would have really
wished that he would have found Qg4! But in any case, drawing the World
Champion with the black pieces is a great achievemet.} 1/2-1/2